[Event "FRA-chT2 0304"]
[Site "France"]
[Date "2004.04.03"]
[Round "10"]
[White "Rodier, Arnaud"]
[Black "Le Montagner, Yoann"]
[Result "1-0"]
[WhiteElo "2074"]
[BlackElo "1969"]
[PlyCount "63"]
[EventDate "2003.10.??"]
[EventType "team"]
[EventRounds "11"]
[EventCountry "FRA"]
[SourceTitle "EXT 2005"]
[Source "ChessBase"]
[SourceDate "2004.11.15"]
[SourceVersion "1"]
[SourceVersionDate "2004.11.15"]
[SourceQuality "1"]

1. d4 d6 2. c4 Nf6 3. Nc3 c6 4. e4 Qc7 5. f4 e5 6. Be2 Be7 7. Nf3 Nbd7 8. 0-0 0-0 9. Kh1 Re8 10. Qc2 Bf8 11. c5 exd4 12. cxd6 Bxd6 13. Nxd4 Bc5 14. Nf5 Nb6 15. e5 Bxf5 16. Qxf5 Nfd5 17. Ne4 Be3 18. Ng5 h6 19. Qh7+ Kf8 20. Qh8+ Ke7 21. Qxg7 hxg5 22. fxg5 Nd7 23. Rxf7+ Kd8 24. Bg4 Nxe5 25. Rxc7 Nxc7 26. Qf6+ Re7 27. Qd6+ Ke8 28. Bh5+ Nf7 29. Bxe3 Rd8 30. Qg6 Nd5 31. Bc5 Nf4 32. Bxe7 1-0

[Event "FRA-chT2 0304"]
[Site "France"]
[Date "2004.03.14"]
[Round "9"]
[White "Rodier, Arnaud"]
[Black "Imbert, Christophe"]
[Result "1-0"]
[WhiteElo "2074"]
[BlackElo "2100"]
[PlyCount "69"]
[EventDate "2003.10.??"]
[EventType "team"]
[EventRounds "11"]
[EventCountry "FRA"]
[SourceTitle "EXT 2005"]
[Source "ChessBase"]
[SourceDate "2004.11.15"]
[SourceVersion "1"]
[SourceVersionDate "2004.11.15"]
[SourceQuality "1"]

1. d4 Nf6 2. c4 g6 3. Nc3 Bg7 4. e4 d6 5. f4 0-0 6. Nf3 c5 7. d5 e6 8. Be2 exd5 9. cxd5 Re8 10. e5 dxe5 11. fxe5 Ng4 12. Bg5 f6 13. exf6 Bxf6 14. Qd2 Bxg5 15. Qxg5 Qxg5 16. Nxg5 Bf5 17. 0-0 Ne3 18. Rf2 a6 19. Bf3 Nd7 20. Re1 Re5 21. d6 Ng4 22. Rxe5 Ndxe5 23. Bxb7 Rb8 24. Bd5+ Kg7 25. Re2 Bd3 26. Re1 Nc4 27. d7 Bf5 28. Bxc4 Bxd7 29. Re7+ Kf6 30. Rxd7 Kxg5 31. b3 Re8 32. Rd1 Re3 33. Na4 Re5 34. Rd5 Kf6 35. Rxe5 1-0

[Event "FRA-chT2 0304"]
[Site "France"]
[Date "2004.03.13"]
[Round "8"]
[White "Rodier, Arnaud"]
[Black "Delisle, Charlotte"]
[Result "1-0"]
[WhiteElo "2074"]
[BlackElo "1840"]
[PlyCount "53"]
[EventDate "2003.10.??"]
[EventType "team"]
[EventRounds "11"]
[EventCountry "FRA"]
[SourceTitle "EXT 2005"]
[Source "ChessBase"]
[SourceDate "2004.11.15"]
[SourceVersion "1"]
[SourceVersionDate "2004.11.15"]
[SourceQuality "1"]

1. d4 Nf6 2. c4 g6 3. Nc3 Bg7 4. e4 d6 5. f4 0-0 6. Nf3 c5 7. d5 e6 8. Be2 exd5 9. cxd5 a6 10. e5 dxe5 11. fxe5 Ng4 12. Bg5 Qb6 13. 0-0 Nxe5 14. d6 c4+ 15. Kh1 Bf5 16. Nd5 Qc5 17. Be7 Nd3 18. Bxf8 Kxf8 19. Ne7 Nf2+ 20. Rxf2 Qxf2 21. Nxf5 gxf5 22. Bxc4 b5 23. Bxf7 Ra7 24. Bb3 Bxb2 25. Qd5 Rg7 26. Qxf5+ Ke8 27. Qc8# 1-0

[Event "FRA-chT2W 0203"]
[Site "France"]
[Date "2003.03.16"]
[Round "9"]
[White "Rodier, Arnaud"]
[Black "Rabhi, Chamss Eddine"]
[Result "1-0"]
[WhiteElo "2074"]
[BlackElo "2090"]
[PlyCount "61"]
[EventDate "2002.10.??"]
[EventType "team"]
[EventRounds "11"]
[EventCountry "FRA"]
[SourceTitle "EXT 2004"]
[Source "ChessBase"]
[SourceDate "2003.11.25"]
[SourceVersion "1"]
[SourceVersionDate "2003.11.25"]
[SourceQuality "1"]
[WhiteTeam "Migne Auxances"]
[BlackTeam "Nantes"]
[WhiteTeamCountry "FRA"]
[BlackTeamCountry "FRA"]

1. d4 d5 2. c4 e6 3. Nc3 Be7 4. Bf4 Nf6 5. Nf3 0-0 6. e3 a6 7. cxd5 exd5 8. Bd3 Bg4 9. Qc2 Nc6 10. a3 h6 11. Ne5 Nxe5 12. Bxe5 c6 13. h3 Be6 14. 0-0 Nd7 15. f4 Nxe5 16. dxe5 d4 17. Rad1 Qb6 18. Na4 Bb3 19. Nxb6 Bxc2 20. Bxc2 dxe3 21. Rd7 Bc5 22. Na4 Ba7 23. Re1 Rfd8 24. Rxd8+ Rxd8 25. Re2 Rd4 26. g3 g6 27. Nc3 b5 28. Nd1 a5 29. Nxe3 Rd2 30. Rxd2 Bxe3+ 31. Rf2 1-0

[Event "FRA-chT2W 0203"]
[Site "France"]
[Date "2003.03.15"]
[Round "8"]
[White "Cairou, Yannick"]
[Black "Rodier, Arnaud"]
[Result "1-0"]
[WhiteElo "2109"]
[BlackElo "2074"]
[PlyCount "119"]
[EventDate "2002.10.??"]
[EventType "team"]
[EventRounds "11"]
[EventCountry "FRA"]
[SourceTitle "EXT 2004"]
[Source "ChessBase"]
[SourceDate "2003.11.25"]
[SourceVersion "1"]
[SourceVersionDate "2003.11.25"]
[SourceQuality "1"]
[WhiteTeam "Le Mans"]
[BlackTeam "Migne Auxances"]
[WhiteTeamCountry "FRA"]
[BlackTeamCountry "FRA"]

1. d4 Nf6 2. c4 g6 3. Nc3 d5 4. g4 Bxg4 5. Qb3 dxc4 6. Qxb7 Nbd7 7. Nb5 Rc8 8. f3 Be6 9. e4 c6 10. Na3 Nb6 11. Be3 Rc7 12. Qa6 Bg7 13. Ne2 0-0 14. Bg2 Nh5 15. Qa5 f5 16. 0-0-0 f4 17. Bf2 Rd7 18. Rd2 Qc7 19. Rhd1 Nf6 20. Nc3 Rb8 21. Nc2 Qb7 22. Nb4 Na4 23. Nxa4 Qxb4 24. Qxb4 Rxb4 25. Nc5 Kf7 26. Nxe6 Kxe6 27. Bh3+ Kf7 28. e5 Rdb7 29. exf6 Bxf6 30. Rc2 c5 31. dxc5 Bxb2+ 32. Rxb2 Rxb2 33. c6 Rb1+ 34. Kc2 R7b2+ 35. Kc3 Rxd1 36. Kxb2 c3+ 37. Kc2 Rd2+ 38. Kc1 Rxa2 39. c7 Rxf2 40. c8Q Rxh2 41. Qe6+ Kf8 42. Qc8+ Kf7 43. Be6+ Kf6 44. Bb3 Re2 45. Qh8+ Kg5 46. Qxh7 Re3 47. Qh3 Kf6 48. Qh4+ g5 49. Qh6+ Kf5 50. Bc2+ Ke5 51. Qxg5+ Kd6 52. Qxf4+ Re5 53. Qd4+ Rd5 54. Qxc3 e5 55. Qa3+ Rc5 56. Qa6+ Rc6 57. Qxa7 Rc7 58. Qb8 Kd7 59. Kd2 Rc5 60. Bf5+ 1-0